In-service education for teachers (Record no. 374078)

000 -LEADER
fixed length control field 00399cam a22001217a 4500
008 - FIXED-LENGTH DATA ELEMENTS--GENERAL INFORMATION
fixed length control field 180718b1963 xxu||||| |||| 00| 0 eng d
082 ## - DEWEY DECIMAL CLASSIFICATION NUMBER
Classification number P1108 M724
100 ## - MAIN ENTRY--PERSONAL NAME
Personal name Moffitt, John Clifton
245 ## - TITLE STATEMENT
Title In-service education for teachers
Statement of responsibility, etc. by John Clifton Moffitt
260 ## - PUBLICATION, DISTRIBUTION, ETC.
Place of publication, distribution, etc. Washington, D.C.
Name of publisher, distributor, etc. Center for Applied Research in Education
Date of publication, distribution, etc. 1963
300 ## - PHYSICAL DESCRIPTION
Extent 114p.
650 ## - SUBJECT ADDED ENTRY--TOPICAL TERM
Topical term or geographic name entry element Teachers --In-service training
Holdings
Withdrawn status Lost status Damaged status Not for loan Permanent Location Current Location Date acquired Full call number Barcode Date last seen Price effective from Koha item type
        Indian Institute of Public Administration Indian Institute of Public Administration 1994-06-24 P1108 M724 34883 2018-07-21 2018-07-21 Book

Powered by Koha